Catálogo
 En Linea

Informe de investigación acerca del prejuicio antihaitiano en la ciudad de Santiago, de la República Dominicana : (Registro nro. 26064)

Detalles MARC
000 -CABECERA
campo de control de longitud fija 01607nam a2200289 a 4500
001 - NÚMERO DE CONTROL
campo de control 000026572
005 - FECHA Y HORA DE LA ÚLTIMA TRANSACCIÓN
campo de control 20200930030307.0
008 - DATOS DE LONGITUD FIJA--INFORMACIÓN GENERAL
campo de control de longitud fija 100215s2006 dr a 001 0 spa d
040 ## - FUENTE DE LA CATALOGACIÓN
Centro catalogador/agencia de origen DO-SdBNP
Lengua de catalogación spa
Centro/agencia transcriptor BNPHU
082 ## - NÚMERO DE LA CLASIFICACIÓN DECIMAL DEWEY
Número de clasificación 303.387
Número de documento/Ítem C397i, 2006
110 2# - ENTRADA PRINCIPAL--NOMBRE DE ENTIDAD CORPORATIVA
Nombre de entidad corporativa o nombre de jurisdicción como elemento de entrada Centro de Estudios Sociales Padre Juan Montalvo, S.J.
9 (RLIN) 35153
245 10 - MENCIÓN DE TÍTULO
Título Informe de investigación acerca del prejuicio antihaitiano en la ciudad de Santiago, de la República Dominicana :
Resto del título un aporte a la comprensión y al acercamiento de dos pueblos.
246 14 - FORMA VARIANTE DE TÍTULO
Título propio/Titulo breve El otro del nosotros
250 ## - MENCIÓN DE EDICIÓN
Mención de edición 3ª ed.
260 ## - PUBLICACIÓN, DISTRIBUCIÓN, ETC.
Lugar de publicación, distribución, etc. Santo Domingo :
Nombre del editor, distribuidor, etc. ONÈ-RESPE,
-- Centro de Estudios Sociales Padre Juan Montalvo, S.J.,
Fecha de publicación, distribución, etc. 2006.
Fabricante Búho
300 ## - DESCRIPCIÓN FÍSICA
Extensión 137 p. :
Otras características físicas il. ;
Dimensiones 21 cm.
504 ## - NOTA DE BIBLIOGRAFÍA, ETC.
Nota de bibliografía, etc. Bibliografía : p. 127-137.
505 0# - NOTA DE CONTENIDO CON FORMATO
Información miscelánea Introducción --
Título Notas acerca del prejuicio antihaitiano --
-- Dominicanos, extranjeros y haitianos --
-- Orígenes e historia de estos pueblos --
-- Valoraciones respecto a las condiciones de vida y a la participación de los haitianos en República Dominicana --
-- Percepción de lo haitiano --
Información miscelánea A modo de conclusión --
-- Referencias.
590 ## - NOTA LOCAL (RLIN)
Nota local Inventariado, 2018/BT
650 #4 - PUNTO DE ACCESO ADICIONAL DE MATERIA--TÉRMINO DE MATERIA
Término de materia o nombre geográfico como elemento de entrada Haitianos en la república dominicana
9 (RLIN) 35154
650 #4 - PUNTO DE ACCESO ADICIONAL DE MATERIA--TÉRMINO DE MATERIA
Término de materia o nombre geográfico como elemento de entrada Prejuicios y antipatías
Subdivisión general Aspectos sociales
Subdivisión geográfica República Dominicana
9 (RLIN) 35155
650 #4 - PUNTO DE ACCESO ADICIONAL DE MATERIA--TÉRMINO DE MATERIA
Término de materia o nombre geográfico como elemento de entrada Asimilación cultural
9 (RLIN) 16128
651 #4 - PUNTO DE ACCESO ADICIONAL DE MATERIA--NOMBRE GEOGRÁFICO
Nombre geográfico República Dominicana
Subdivisión general Relaciones Raciales
9 (RLIN) 432
651 #4 - PUNTO DE ACCESO ADICIONAL DE MATERIA--NOMBRE GEOGRÁFICO
Nombre geográfico República Dominicana
Subdivisión general Población Extranjera
9 (RLIN) 35156
710 2# - PUNTO DE ACCESO ADICIONAL--NOMBRE DE ENTIDAD CORPORATIVA
Nombre de entidad corporativa o nombre de jurisdicción como elemento de entrada Centro de Reflexión Encuentro y Solidaridad ONÈ-RESPE
9 (RLIN) 35157
910 ## - DATOS DE OPCIÓN DEL USUARIO (OCLC)
Datos de opción del usuario Validado. Control de calidad. EMS
Existencias
Estado de retiro Estado de pérdida Restricciones de uso No para préstamo Código de colección Localización permanente Ubicación/localización actual Ubicación en estantería Fecha de adquisición Número de inventario Total de préstamos Signatura topográfica completa Código de barras Fecha visto por última vez Número de copia Precio válido a partir de Tipo de ítem Koha
        Dominicana de Servicio General General Depósito 23.03.2011 LF1   303.387 C397i, 2006 26572-30 25.06.2020 e. 3 25.06.2020 Libro y Folleto Colección Dominicana de Servicio
      Excluido de préstamo Patrimonio Dominicano Patrimonio Dominicano Patrimonio Dominicano Depósito 23.03.2011 LF1   303.387 C397i, 2006 26572-10 25.06.2020   25.06.2020 Libro y Folleto Colección Patrimonio Dominicano
      Excluido de préstamo Patrimonio Dominicano Patrimonio Dominicano Patrimonio Dominicano Depósito 23.03.2011 LF1   303.387 C397i, 2006 26572-20 25.06.2020 e. 2 25.06.2020 Libro y Folleto Colección Patrimonio Dominicano

Con tecnología Koha